|
|
|
|
| LEADER |
02037nam a2200373 i 4500 |
| 001 |
32092 |
| 003 |
BD-DhAAL |
| 005 |
20211116145500.0 |
| 008 |
171024s2015 nyua b 000 0 eng |
| 999 |
|
|
|c 38318
|d 38318
|
| 010 |
|
|
|a 2014017179
|
| 020 |
|
|
|a 9780415840835 (paperback)
|
| 020 |
|
|
|a 9780415840828 (hbk)
|
| 020 |
|
|
|z 9781315749600 (ebk)
|
| 040 |
|
|
|a DLC
|b eng
|c DLC
|e rda
|d DLC
|d BD-DhAAL
|
| 050 |
0 |
0 |
|a NA7477
|b .L59 2015
|
| 082 |
0 |
0 |
|a 728.1091724
|2 23
|
| 100 |
1 |
|
|a Lizarralde, Gonzalo,
|d 1974-
|9 22239
|
| 245 |
1 |
4 |
|a The invisible houses :
|b rethinking and designing low-cost housing in developing countries /
|c Gonzalo Lizarralde.
|
| 260 |
|
|
|a New York ;
|a London :
|b Routledge,
|c 2015.
|
| 300 |
|
|
|a xviii, 232 pages :
|b illustrations ;
|c 25 cm.
|
| 504 |
|
|
|a Includes bibliographical references.
|
| 505 |
0 |
|
|a Learning from the Poor -- Invisible Millions -- Invisible Market -- Invisible Land -- Invisible Infromal Processes -- Invisible Infrastructure -- Visible Vulnerable, Invisibly Resilient -- Invisible Freedoms -- Invisible Power -- Rethining and Designing Low-Cost Housing in Developing Countries.
|
| 526 |
|
|
|a ARC
|
| 541 |
|
|
|a Trim Education
|e 32092
|
| 650 |
|
0 |
|a Sustainable architecture
|z Developing countries.
|9 22240
|
| 650 |
|
0 |
|a Low-income housing
|z Developing countries.
|9 22241
|
| 650 |
|
0 |
|a Architects and community
|z Developing countries.
|9 22242
|
| 650 |
|
0 |
|a Urbanization
|z Developing countries.
|9 22243
|
| 650 |
|
7 |
|a ARCHITECTURE / Professional Practice.
|2 bisacsh
|9 22246
|
| 650 |
|
7 |
|a Architecture
|9 42731
|
| 942 |
|
|
|2 ddc
|c BK
|
| 952 |
|
|
|0 0
|1 0
|2 ddc
|4 0
|6 728_109172400000000_LIZ
|7 0
|9 61311
|a BRACUL
|b BRACUL
|c GEN
|d 2017-10-24
|e Trim Education
|g 3615.00
|l 1
|m 19
|o 728.1091724 LIZ
|p 3010032093
|r 2023-09-09
|s 2023-04-12
|t 2
|v 3615.00
|w 2017-09-18
|y BK
|
| 952 |
|
|
|0 0
|1 3
|2 ddc
|4 0
|6 728_109172400000000_LIZ
|7 0
|9 61312
|a BRACUL
|b BRACUL
|c GEN
|d 2017-10-24
|e Trim Education
|g 3615.00
|l 1
|o 728.1091724 LIZ
|p 3010032092
|r 2019-09-16
|s 2019-04-11
|t 1
|v 3615.00
|w 2017-09-18
|y BK
|x Lost and paid of 3010032092 The invisible houses (Tk.7230), Sl# 39250
|